[Event "Dos Hermanas"]
[Site "Dos Hermanas"]
[Date "1995.??.??"]
[Round "4"]
[White "Shirov, Alexei"]
[Black "Gelfand, Boris"]
[Result "0-1"]
[WhiteElo "2715"]
[BlackElo "2710"]
[Annotator "Gelfand,B"]
[PlyCount "137"]
[EventDate "1995.04.??"]
[EventType "tourn"]
[EventRounds "9"]
[EventCountry "ESP"]
[EventCategory "18"]
[SourceTitle "CBM 047"]
[Source "ChessBase"]
[SourceDate "1995.08.01"]
[SourceVersion "1"]
[SourceVersionDate "1995.08.01"]
[SourceQuality "1"]

1. e4 {Boensch Hecht} c5 2. Nf3 d6 3. d4 cxd4 4. Nxd4 Nf6 5. Nc3 a6 6. Bg5 e6
7. f4 Nbd7 8. Qe2 Qc7 9. O-O-O b5 (9... Be7 {Boensch} 10. g4 (10. g3 O-O 11.
Bg2 Nb6 12. h4 e5 13. Nf5 Bxf5 14. exf5 Rac8 15. g4 exf4 16. Bxf4 Nc4 17. Rh3
$16 {Prie,E-Wians,C Brussels zt (10) 1993 1-0 26}) 10... h6 (10... O-O 11. Bxf6
Nxf6 12. g5 Nd7 13. Rg1 Re8 14. Kb1 b5 15. f5 Bf8 16. Bh3 Ne5 $132 {Matsuo,
T-Chumfwa,S Moskow olm (09) JPN-ZAM 1994 1-0 34 - EXP 44}) 11. Bh4 g5 12. fxg5
Nh7 13. Nf5 hxg5 (13... exf5 $1) 14. Bg3 Ne5 15. Nxe7 Kxe7 16. h4 $16 {Howell,
J-Timoshenko,G Hastings Challenger 1991 1-0 31}) 10. g3 (10. a3 {Boensch} Bb7
11. f5 e5 12. Nb3 Be7 13. Kb1 O-O 14. h4 h5 15. g4 hxg4 16. Bg2 Qc4 17. Qe1 $44
{Ginsburg,A-Karpman,V Ukraina-chT Simferopol 1991 1/2 41}) (10. g4 $5 {Boensch}
) 10... b4 11. Nd5 {Im Gegensatz zu Varianten mit der Q auf f3 soll dieses
Standardopfer mit mehr Kraft geschehen. Aber auch in der vorliegenden Partie
hat Weiß "nur" Initiative für den geopferten N.} exd5 12. Bg2 $5 $146 {Weiß
behällt die Option e4-e5, spielt aber einen ruhigen Entwicklungszug in einer
sehr scharfen Stellung.} (12. exd5+ {Yudasin-Gelfand,1990}) (12. exd5+ {Boensch
} Be7 13. Nf5 Nc5 14. Nxg7+ Kd8 15. Re1 Rg8 16. Bg2 Nfe4 17. Bxe4 Rxg7 {
1/2 Yudasin,L-Gelfand,B Manila izt (12) 1990}) 12... Be7 13. Nf5 (13. exd5 O-O
$1) 13... Nb6 (13... g6 $2 {Boensch} 14. Nxe7 Kxe7 15. e5 dxe5 16. Bxd5 Rb8 (
16... Bb7 17. fxe5 $18) 17. fxe5 Qxe5 18. Qxe5+ Nxe5 19. Rhe1 $16) (13... h6 $5
{!Boensch Jetzt habe ich keine befriedigende Fortsetzung für Weiß gefunden. zB.
} 14. Nxe7 (14. exd5 Nc5 15. Nxg7+ (15. Bxf6 Bxf5 16. Bxg7 Rg8 $19) 15... Kf8
$17) (14. Nxg7+ Kf8 15. Bxf6 Nxf6 $19) 14... Kxe7 15. exd5+ (15. e5 dxe5 16.
Bxd5 Rb8 17. fxe5 Qxe5 18. Qxe5+ Nxe5 19. Bf4 Nfd7 $19) 15... Kf8 $19) 14.
Nxg7+ Kf8 (14... Kd8 $5 15. e5 Bg4 16. Qf2 (16. Bf3 Bxf3 17. Qxf3 Ne8 (17...
Rc8 {Boensch} 18. Rd2 Ne4 19. exd6 Nxd6 $19) (17... dxe5 $2 18. fxe5 Qxe5 19.
Nf5 $44) 18. exd6 (18. Nf5 Bxg5 19. fxg5 Rc8 (19... dxe5 20. Rxd5+ Kc8) 20. Rd2
Qc4 21. Kb1 Qe4) 18... Nxd6 $15) (16. exf6 Bxe2 17. fxe7+ Kd7 18. Bh3+ (18.
Rde1 Bd3) 18... Kc6 19. Rde1 Bf3 $19) 16... Ne8 $1 (16... dxe5 {Boensch} 17.
fxe5 Bxd1 18. exf6 Bc5 $19) (16... Bxd1 $2 17. exf6 Bf8 18. Rxd1 $16) 17. exd6
(17. Bxe7+ Kxe7 $17) (17. Nxe8 Rxe8 18. Bxd5 Bxd1 19. Rxd1 Nxd5 20. Rxd5 Bxg5
21. Rxd6+ Ke7 22. fxg5 Kf8 $19) 17... Nxd6 (17... Qxd6 18. h3 Bxd1 19. Nf5) 18.
Bxd5 (18. Rde1 Bxg5 (18... f6 $5 19. f5 $5) 19. fxg5 Kc8 20. Qf6 Kb7 21. Re7
Bd7 22. Qd4 Rac8 23. Bxd5+ Nxd5 24. Qxd5+ Kb8 25. Qd2) 18... Bxd1 19. Rxd1 Nxd5
20. Rxd5 h6 21. Rxd6+ (21. Bxe7+ Kxe7 22. Qd4 (22. Qe3+ Kf8 23. Qe5 (23. Qd4
Rg8) 23... Rc8 24. Ne6+ fxe6 25. Qxh8+ Ke7 $17) 22... Rhc8 $19) 21... Qxd6 22.
Nf5 hxg5 23. Nxd6 Bxd6 24. Qb6+ Ke7 25. Qb7+ Kf6 26. fxg5+ Kg7 27. g6 Kxg6 28.
Qe4+ Kf6 29. Qf3+ $10) 15. Bh6 (15. Nh5 Nxh5 16. Qxh5 Bxg5 17. fxg5 dxe4 $17)
15... Kg8 (15... Qc4 16. Nh5+ Ke8 17. Nxf6+ Bxf6 18. Qxc4 dxc4 (18... Nxc4 19.
e5 $16 (19. e5 Ne3 20. exf6 Nxg2 $13)) 19. Rxd6 $13 {Boensch} Bd8 20. e5 Ra7
21. Rhd1 Bd7 $44) 16. Nh5 (16. e5 dxe5 (16... Ng4 17. Ne8 $5 (17. exd6 Qxd6 18.
Ne8 Qe6)) 17. fxe5 Ng4 18. Bf4 Qc4 $1 19. Qxc4 dxc4 20. Ne8 (20. Nh5 Nf2 21.
Bxa8 Nxd1 22. Rxd1 (22. Bf3 Nf2 23. Rf1 (23. Be3 Nxh1 24. Bxb6 Bg5+ (24... Nxg3
25. hxg3 Kf8 $19) 25. Kb1 Bf5 $19) 23... Nh3 24. Bh6 Bg5+ $19) 22... Bg4 $19) (
20. Bxa8 {Boensch} Kxg7 21. Bf3 Nf2 $19) 20... Bb7 (20... Ra7 21. Nf6+ Kg7 22.
h3 Nf2 23. Be3) (20... h5 21. Rhe1) (20... Nf2 21. Bxa8 Nxa8 22. Bh6) 21. Bxb7
Rxe8 22. Bc6 Rc8 23. Bb7 Rb8 24. Bxa6 Ra8 $19 (24... Nf2)) (16. exd5 {Boensch}
Ng4 $19) 16... Ng4 (16... Nxe4 17. Rxd5 $1 Nxd5 18. Bxe4 $18) (16... dxe4 {
Boensch} 17. Nxf6+ Bxf6 18. Bxe4 Na4 $1 19. c3 Bxc3 $1 20. bxc3 Nxc3 21. Qc2
Ra7 22. Rhe1 Nxe4 23. Rxe4 Qxc2+ 24. Kxc2 Bf5 $19) 17. Bg7 Qc4 18. Qxc4 (18.
Rd3 Qxa2 19. b3 Ne5 $1 $19) 18... Nxc4 {Auch nach dem Q-Tausch geht es
taktisch weiter.} 19. e5 $1 Nge3 20. exd6 Nxd6 (20... Bg4 $5 21. Bxd5 $1 {
[#] Schach wie vor hundert Jahren, beinahe alle Figuren hängen.} (21. dxe7 Bxh5
22. Bxh8 Bxd1 23. Bd4 (23. Rxd1 Nxd1 24. Bxd5 Re8 25. Bf6 (25. Bxc4 Ne3 $19)
25... Nde3 26. Bc6 Nd6 27. Bxe8 Nxe8 $17) 23... Bg4 24. b3 Nxg2 25. bxc4 dxc4
$15) (21. Rxd5 Nxd6 22. Bxh8 Kxh8 23. Rxd6 Nxg2 $17) 21... Bxh5 (21... Bxd1 22.
Bxa8 (22. Rxd1 Nxd5 23. Rxd5 Nxd6 24. Bf6 $1 Bxf6 25. Nxf6+ Kg7 26. Rxd6 $10)
22... Bxh5 23. Bxh8 Bxd6 24. Bd4 $14) 22. Bxh8 (22. Bxa8 Kxg7 23. dxe7 Bxd1 24.
Bc6 Nd6 25. Re1 Rc8) 22... Nxd5 23. Rxd5 Bf3 (23... Nxd6 24. Rxh5 Kxh8 25. Re1
$14) 24. dxe7 Bxd5 25. Re1 (25. Rd1 Ne3 26. Re1 Kxh8 27. Rxe3 Re8 28. Re5 $15 (
28. Rd3 {Boensch} Bc6 29. Rd6 Bb5 $17)) 25... Re8 (25... Be6 26. Rd1) 26. Bd4 (
26. Bf6 Nd6 27. Rd1 Ne4) 26... f5 27. Bc5 $132) (20... Bxd6 {Boensch} 21. Rxd5
$3 Nxg2 22. Rg5 f5 (22... Be7 23. Nf6+ Bxf6 24. Bxf6+ Kf8 25. Bxh8 $16) 23.
Be5+ Kf7 24. Bxh8 $13) 21. Rhe1 $3 (21. Bxh8 Kxh8 (21... Nxd1 $2 22. Bf6 Ne3 (
22... Bxf6 $2 23. Nxf6+ Kg7 24. Nh5+ Kg6 25. Rxd1 $18) 23. Bxe7 Ndf5 24. Bf3
Nxe7 25. Re1 N3f5 26. g4 Kf8 (26... Nd4 $2 27. Rxe7 Kf8 28. Rxf7+ Kxf7 29.
Bxd5+ $18) 27. gxf5 Bxf5 $10) 22. Rde1 (22. Rhe1 {Boensch} Nxd1 (22... Nxg2 23.
Rxe7 Be6 $15) 23. Rxe7 Be6 24. Rxe6 fxe6 25. Kxd1 $17) 22... Nxg2 23. Rxe7 Be6
$17) (21. Rde1 Ndf5 22. Bxh8 Nxg2 23. Rxe7 Nxe7 24. Be5 Nc6 $17) 21... Ndf5 $6
(21... Bg4 $1 22. Rxe3 (22. Rxd5 Nxd5 23. Bxd5 Re8) 22... Bxd1 23. Rxe7 (23.
Kxd1 Nf5 24. Rxe7 Nxe7 25. Bf6 $143 $44) 23... Bxh5 24. Bxh8 Kxh8 25. Re5 $15 (
25. Bxd5 {Boensch} Rd8 $17) 25... Bg4 26. Rxd5 Rd8 27. Rd4 Be6 $15) 22. Bxd5 (
22. Bxh8 Nxg2 23. Rxe7 Nxe7 24. Be5 (24. Bf6 Bg4) 24... Nc6) 22... Nxd5 23.
Bxh8 (23. Rxd5 Nxg7 24. Rxe7 Kf8 $1 (24... Be6 $1 25. Rg5 (25. Ra7 Bxd5) 25...
Kf8 $19) (24... Nxh5 $2 {Boensch} 25. Re8+ Kg7 26. Rg5+ $16)) 23... Nfe3 24.
Nf6+ (24. Bf6 Nxd1 25. Bxe7 Bg4) 24... Bxf6 (24... Kxh8 {Boensch} 25. Nxd5 Nxd1
(25... Nxd5 26. Rxd5 Be6 $10) 26. Nc7 Ra7 27. Rxe7 Bg4 $13) 25. Rxd5 (25. Bxf6
$2 {Boensch} Be6 26. Rd3 Nxc2 $17) 25... Kxh8 (25... Nxd5 $4 26. Re8#) 26. Rxe3
Be6 27. Rd6 Kg7 $2 (27... h5 $1 {Boensch Verhindet g4 und entwertet die weiße
P-Majorität am Königsflügel.}) 28. a4 $2 (28. g4 $1 h6 29. b3 $14) 28... h5 29.
a5 Bf5 30. c3 bxc3 (30... Rc8 $5) 31. bxc3 Rc8 32. Kd2 $6 (32. Kb2 $5) 32...
Rc5 $6 (32... Rb8 $5 33. Rb6 (33. Rxa6 {Boensch} Rb2+ 34. Kd1 Rxh2 $17) 33...
Rd8+ 34. Kc1 (34. Ke2 Bg4+) 34... Bd3 $17) 33. Rxa6 Rb5 34. Ra8 (34. h4 $1 $10)
34... Rb2+ 35. Ke1 Rxh2 (35... Rc2 $5 36. Kd1 Bxc3 37. Rc8 $5 Rd2+ 38. Kc1 Bxc8
39. Rxc3 Rd8 $15) 36. a6 Ra2 37. a7 Ra1+ $138 (37... Bh3 $5) (37... Kh7 $5) 38.
Kd2 Ra2+ 39. Kc1 Kh7 40. c4 (40. Kd1 Bh3 $17 (40... Bh3 {Boensch} 41. c4 Bg2
$19)) 40... Ra1+ 41. Kd2 Ra2+ 42. Kd1 Kg7 (42... Bd4 $5 43. Re7 Kg7 44. Rg8+ (
44. Rb8 {Boensch} Bg4+ 45. Kc1 Bxa7 46. Rbb7 Bf2 47. Rxf7+ Kg6 $17) 44... Kxg8
45. Re8+ Kg7 46. a8=Q Bg4+ $19) 43. Rg8+ $8 (43. c5 Bd4 44. Re7 Bxc5 $19) 43...
Kxg8 44. Re8+ Kg7 45. a8=Q Bg4+ 46. Kc1 (46. Ke1 $5 Bc3+ 47. Kf1 Be2+ 48. Kg2
Rxa8 49. Rxa8 Bxc4 $17) 46... Rxa8 47. Rxa8 {Boensch: Auf Kosten des a-P ist
es Weiß gelungen einen R zu tauschen. Die schwarze Gewinnführung ist sehr
kompliziert.} Bd4 {Hecht: 2B<->RP. Starke B. Bauernschwäche g3. Schwierige
Gewinntechnik.} 48. Kd2 Bf2 49. Ra3 Kf6 50. Rd3 Ke6 (50... Be6 $5 {Salov,/
\Kf5-g4}) 51. Kc3 Be2 52. Rd8 (52. Rd2 {Hecht} Be1 $19) 52... Ke7 53. Rd5 f6
54. Kd2 Bg4 (54... Bxc4 $6 55. Rxh5 Bxg3 56. Ke3 $15) 55. Rd3 Ke6 56. Ra3 (56.
Kc3 Be2 $19) 56... Kd7 (56... Kd6 57. Ra6+ Kc5 58. Rxf6 (58. Kd3 {Boensch} f5
$19) 58... Kxc4 59. Rd6 (59. Rg6 Kd4 $5 (59... Bxg3 60. Ke3)) 59... Bxg3 60.
Ke3 h4 61. Rg6 h3 62. Rxg4 h2 $19) 57. Ra6 (57. c5 $5 Kc6 (57... Bxc5 58. Ra6
Ke7 (58... Bf2 59. Rxf6 Bxg3 60. Ke3 Ke7 61. Ra6 h4 62. Ra7+ $10) 59. Ke1) 58.
Rc3 (58. Ra6+ Kxc5 59. Rxf6 Kd4 $19) 58... f5 $22 59. Kc2 (59. Kd3 Bxg3 (59...
Bxc5 60. Rc2 Kd5 61. Ra2)) 59... Bxc5 60. Kd2 Kd5 $19) 57... Bxg3 58. Rxf6 Ke7
(58... h4 $1 59. Ke3 h3 60. Rh6 h2 $19) 59. Ra6 h4 (59... Bxf4+ 60. Ke1 (60.
Ke1 {Boensch} h4 $19)) 60. Ke3 h3 61. c5 h2 62. Ra1 (62. Rh6 Kf7 $19 (62... Kf8
{Boensch} 63. c6 Kg7 $19)) (62. Ra7+ Bd7) 62... Kf6 $1 (62... Kd7 $2 63. Rc1
Kc6 64. Ke4 Be2 65. Ke3 Bh5 66. Ra1 $1 $10 (66. Ke4 $2 Bf2 67. Rh1 Bg1 68. f5
Bf7 $19)) 63. Rb1 (63. Ke4 Kg6 64. c6 Kh5 65. c7 Kh4 66. Ke3 Kh3 67. Rc1 Kg2
68. Rc2+ Kf1 $19) (63. c6 Ke7 64. Rc1 Kd8 65. c7+ Kc8 66. Ke4 Be2 67. Ke3 (67.
f5 {Boensch} Bxc7 (67... Ba6 $2 68. f6 $1 (68. Kf3 $2 Bd6 (68... Bxc7 $4 69.
Rxc7+ Kxc7 70. Kg2 $10) 69. f6 Bb7+ $19) 68... Bb7+ 69. Kf5 h1=Q 70. Rxh1 Bxh1
71. f7 Bd6 72. Kg6 Bf8 73. Kh7 Bd5 74. Kg8 Bc5 75. Kg7 Bd4+ 76. Kg6 $10) 68. f6
Kd7 69. f7 Bd6 70. Rh1 Ke7 71. Ke3 Bb5 $19) 67... Bh5 $22 68. Ke4 Bf2 69. Rh1
Bg1 70. f5 Be8 $19) 63... Kf5 64. c6 Bxf4+ 65. Kf2 Bh3 66. Kf3 Bc7 67. Rb5+ $2
Kf6 68. Rb1 Be6 (68... Bb6 {Hecht} 69. Rd1 {Hecht} (69. Rh1 {Hecht} Bc7 (69...
Bg1 70. Kg3 $10) 70. Rc1 Be6 71. Ke4 Kg5 $19) 69... Bg1 $19) 69. Rd1 (69. Rd1
h1=Q+ $19 (69... Bd5+ $19)) (69. Ke4 {Hecht} Bf5+ $19) 0-1

[Event "Candidates FIDE m1"]
[Site "Wijk aan Zee"]
[Date "1994.??.??"]
[Round "1"]
[White "Adams, Michael"]
[Black "Gelfand, Boris"]
[Result "1/2-1/2"]
[WhiteElo "2660"]
[BlackElo "2685"]
[Annotator "Gelfand,B"]
[PlyCount "90"]
[EventDate "1994.01.16"]
[EventType "match"]
[EventRounds "8"]
[EventCountry "NED"]
[SourceTitle "CBM 039"]
[Source "ChessBase"]
[SourceDate "1994.04.01"]
[SourceVersion "1"]
[SourceVersionDate "1994.04.01"]
[SourceQuality "1"]

1. e4 {Wolff} c5 2. Nf3 d6 3. d4 cxd4 4. Nxd4 Nf6 5. Nc3 a6 6. Bg5 e6 7. f4
Nbd7 8. Qf3 Qc7 9. O-O-O b5 10. Bd3 Bb7 11. Rhe1 O-O-O 12. a3 Be7 13. Qe2 $1
$146 (13. Qf1) (13. Qg3) 13... h6 {?! Wolff} (13... Nc5 14. Bxb5 $5 $36) (13...
Nc5 $142 {Wolff}) 14. Bh4 Nc5 15. Bf2 (15. Bxb5 $2 Nfxe4 16. Nxe4 Bxh4 $19)
15... d5 {? Wolff} (15... Kb8 $5 $14) (15... Nxd3+ $142 {Wolff} 16. Rxd3 Kb8)
16. e5 Nfe4 $5 17. Bxe4 dxe4 (17... Nxe4 18. Rd3 (18. Nxe4 {Wolff} dxe4 19. Kb1
$16 {><e4, /\f4-f5}) 18... b4 (18... Nc5 19. Rf3 $16) 19. axb4 Bxb4 20. Nxe4
dxe4 21. Rb3 $1 Bxe1 22. Qxe1 Rd5 23. Rc3 Rc5 24. Nxe6 Rxc3 25. Nxc7 Rxc7 26.
f5 $1 $16) 18. Kb1 (18. Qe3 $1 f5 (18... Na4 19. Nxe4) 19. exf6 gxf6 20. Kb1
$16) (18. b4 $2 {Wolff} Nd3+ 19. cxd3 Qxc3+ 20. Kb1 Qxa3) 18... Na4 $1 (18...
Qa5 19. Qe3 (19. Nb3 Nxb3 20. cxb3 b4 $132) 19... b4 20. axb4 Qxb4 21. Na2 $16)
(18... Kb8 19. b4 (19. Qe3 $1 $16) (19. f5 $16 {Wolff}) 19... Nd7 20. Nxe4 Nb6
21. Rd3 Na4 $14) 19. Nxa4 (19. Nxe4 $2 Bxa3 $1) 19... bxa4 20. f5 $6 {! Wolff}
(20. c3 $142 $14) 20... Bc5 $2 (20... Qxe5 21. fxe6 (21. Bg3 Qc5) (21. Qc4+ {
Wolff} Qc5 22. Qxa4 e5) 21... f5 $1 $13 (21... fxe6 22. Qc4+ $18) 22. Qc4+ $140
Qc5 (22... Kb8 {Wolff} 23. Nc6+ Bxc6 24. Qxc6 $16) 23. Qxa4 f4 $132) (20...
exf5 {Wolff} 21. Nxf5 Qxe5 22. Qc4+ $18) 21. fxe6 Bxd4 22. e7 (22. Bxd4 $5 fxe6
23. Qd2 $5 {/\ Re3-c3+/-}) 22... Qxe7 23. Rxd4 {! Wolff} (23. Bxd4 Qe6 {
/\ Rd7, Rad8+/=; /\ Kb8, Rc8}) 23... Rxd4 24. Bxd4 Qe6 25. Qd2 {/\ Re3, Qb4}
Kb8 (25... Rd8 26. Qb4 (26. Re3 Qd5) 26... Qd5 27. Bb6 Re8 $16) 26. Qb4 Qc6 (
26... Rc8 27. Rxe4 Rxc2 28. Kxc2 Qc6+ 29. Kd2 Qxe4 30. Qd6+ $18) 27. Rd1 $1 (
27. Re3 Rd8 (27... Rc8 {Wolff} 28. Rc3 Qb5 29. Qd6+ Ka8 30. Rxc8+ Bxc8 31. Qc7
Qd7 $1 $14) 28. Bc5 Rc8 29. Bd6+ Ka8) (27. Rf1 $1 Rc8 28. Rf2 (28. c3 e3 $1 29.
Bxe3 Qe4+ $10) 28... Ka8 $14) 27... Rc8 28. Rd2 {/\ Be3, Qd4} Qb5 (28... Qc4 $2
29. Qd6+ Qc7 30. Bb6 $1 $18) 29. Qd6+ Ka8 30. Be3 Bc6 (30... Qf1+ 31. Rd1 (31.
Ka2 Qc4+ 32. b3 axb3+ 33. cxb3 Qc1 (33... Qc3 {Wolff} 34. Qb6 Qxd2+ $8 (34...
Kb8 35. Qa7+ Kc7 36. Bb6+ Kc6 37. Rd6+ Kb5 38. a4+ Kb4 39. Ba5+ Kxa5 40. Qb6#)
35. Bxd2 Rc2+ 36. Kb1 Rxd2 37. a4 $1 $16 {/\ b3-b4-b5, ...axb5, a4-a5}) 34. Qd4
Rc2+ 35. Rxc2 Qxc2+ 36. Ka1 Kb8 $10) 31... Qc4 32. c3 $16) 31. Qd4 Qb7 32. c4 (
32. Bf2 $1 e3 (32... Bb5 33. Qe3 {/\ Rd4-b4-b6+-}) 33. Bxe3 Be4 34. Kc1 $18)
32... Qc7 33. Ka1 Qb7 34. g3 h5 35. h3 {? Wolff xh3} (35. Bf2 $1 {/\ Qe3, Rd6,
Qd4, Be3+-}) 35... Qc7 36. Qc5 Bd7 37. Qb4 $2 (37. Qd5+ Bc6 38. Qd4) 37... Be6
(37... Bxh3 $2 {Wolff} 38. c5 (38. Rd6 $2 Qxc4) 38... Qxe5 $8 39. Rd6 Bf1 40.
Qb6 (40. c6 Rb8 41. Bd4 Qb5 $1 42. Qc3 Bc4 43. c7 Rc8 44. Rd8 Kb7) 40... Qe7 (
40... Qxg3 $2 41. c6 Qe1+ 42. Ka2 Bc4+ 43. b3 axb3+ 44. Kb2 Qe2+ 45. Rd2 $18) (
40... Rb8 41. Qc6+ Rb7 42. Qc8+ Rb8 (42... Ka7 43. c6+ $18) 43. Rxa6+ Bxa6 44.
Qxa6#) 41. c6 {/\ Rd7} Rb8 (41... Qc7 42. Qxc7 Rxc7 43. Rd8+) 42. c7 $1 Rxb6
43. c8=Q+ Rb8 44. Rxa6+ $18) 38. c5 Qc6 39. Rd6 Qb5 40. Qxe4+ Ka7 41. c6+ (41.
b4 $5 Qf1+ $1 (41... axb3 $2 42. Kb2) 42. Qb1 (42. Kb2 Bf5 $19) 42... Qc4 $10)
(41. Rb6 Qf1+ 42. Qb1 Qf3 43. Bd4 Rc6 $10) 41... Kb8 42. Qh1 $2 {?? Wolff} (42.
Qb4 $10) (42. b4 $5 {Wolff Nunn, /\Kb2} axb3 43. Kb2) 42... Qc4 (42... Qb3 43.
c7+ Kxc7 44. Qc6+ Kb8 45. Ba7+ $1 Kxa7 46. Qxa6+ Kb8 47. Rb6+ Kc7 48. Rxb3 Bxb3
$10) 43. Qb1 (43. c7+ $5 Kxc7 44. Qb1 {/\ Rd4}) 43... Rxc6 44. Rd4 (44. Rxc6 $2
{Wolff} Qxc6 $17 {/\ ...Qc4}) 44... Qc2 $2 (44... Qe2 $1 45. Bf4 Rc4 46. Rd2
Qf3 47. h4 Kb7 $17) 45. h4 Qxb1+ $2 (45... Qe2 $17) 1/2-1/2

[Event "Biel GM"]
[Site "Biel"]
[Date "2005.07.27"]
[Round "10"]
[White "Nakamura, Hikaru"]
[Black "Gelfand, Boris"]
[Result "0-1"]
[WhiteElo "2660"]
[BlackElo "2724"]
[Annotator "Gelfand,B"]
[PlyCount "78"]
[EventDate "2005.07.17"]
[EventType "tourn"]
[EventRounds "10"]
[EventCountry "SUI"]
[EventCategory "16"]
[SourceTitle "CBM 108"]
[Source "ChessBase"]
[SourceDate "2005.09.26"]
[SourceVersion "1"]
[SourceVersionDate "2005.09.26"]
[SourceQuality "1"]

1. e4 c5 2. Nf3 d6 3. d4 cxd4 4. Nxd4 Nf6 5. Nc3 a6 6. Bg5 e6 7. f4 Nbd7 8. Qf3
Qc7 9. O-O-O b5 10. Bd3 Bb7 11. Rhe1 Qb6 12. Nd5 Qxd4 13. Bxf6 gxf6 14. Bxb5
Qc5 15. Nxf6+ Kd8 $1 $146 16. Nxd7 Qxb5 17. Nxf8 Rxf8 18. Qa3 Rc8 19. Qxd6+ Ke8
20. c3 (20. Re3 Qc6 (20... Rg8 $2 21. Rc3 Bc6 22. f5 Rxg2 23. fxe6 Rf2 24. Rc5
Qa4 25. Rg1 {1-0 Kosten,A-Georgiev,Kr/Saint Affrique FRA 2005/The Week in
Chess 560 (25)}) 21. Qd2 Ke7 22. Qb4+ Kf6 $11) 20... Qc6 21. Qb4 a5 $1 (21...
Qb5 22. Qd4 f6 (22... Ke7 23. Qd6+ Kf6 24. e5+ Kg7 25. Qe7 $40) (22... Rg8 $5
23. f5 e5) 23. Re3 $40) (21... Rg8 22. Rd2 a5 23. Qd4 $13) 22. Qxa5 (22. Qd4 f6
$15 (22... Ke7 23. f5 Rfd8 24. Qg7 $40)) 22... Ra8 23. Qg5 (23. Qb4 Rxa2 24.
Rd6 Ra4 $1 25. Rxc6 Rxb4 26. Rc7 Rxe4 $17) (23. Qd5 $2 Qxc3+) 23... f6 (23...
h6 24. Qf6) 24. Qd5 $2 (24. Qh5+ Rf7 (24... Ke7 25. e5 Rxa2 26. Qxh7+ $18) 25.
a3 Rxa3 26. bxa3 Qxc3+ $11) (24. Qg7 Rxa2 25. Rd4 Qb5 26. b3 (26. Rb4 $2 Qd3)
26... Ra1+ 27. Kd2 Ra2+ 28. Kc1 $11 (28. Ke3 e5)) 24... Qxc3+ $1 25. bxc3 exd5
26. exd5+ Kd7 27. Kb1 Ra4 28. g3 Rfa8 $1 (28... Rb8 29. Ka1 Rba8 30. Rd2 R8a5 (
30... Ba6 31. d6) 31. d6 (31. Re6 Rxa2+) (31. c4 Rxc4 32. Re6 Rxd5) 31... Bd5
32. Re7+ Kxd6 33. Rxh7 $15) 29. Rd2 R8a5 30. d6 $2 (30. Re6 $142 Rxd5 (30...
Bxd5 31. Rxf6 Ke7 32. Rh6 Bxa2+ 33. Kc2 Bg8 $15) 31. Rde2 (31. Rxd5+ Kxe6)
31... Rd6 32. Re7+ Kc8 33. Re8+ Rd8 $17) 30... Be4+ 31. Ka1 h5 $19 32. h3 Bd5
33. g4 Rxa2+ 34. Rxa2 Rxa2+ 35. Kb1 Rh2 36. Re3 h4 37. Kc1 Kxd6 38. f5 Rf2 39.
Kd1 Rf3 0-1

[Event "Bermuda"]
[Site "Bermuda"]
[Date "2004.01.22"]
[Round "7"]
[White "Shabalov, Alexander"]
[Black "Gelfand, Boris"]
[Result "0-1"]
[WhiteElo "2623"]
[BlackElo "2709"]
[Annotator "Gelfand,B"]
[PlyCount "94"]
[EventDate "2004.01.15"]
[EventType "tourn"]
[EventRounds "10"]
[EventCountry "BER"]
[EventCategory "16"]
[SourceTitle "CBM 099"]
[Source "ChessBase"]
[SourceDate "2004.03.30"]
[SourceVersion "1"]
[SourceVersionDate "2004.03.30"]
[SourceQuality "1"]

{[%mdl 1]} 1. e4 c5 2. Nf3 d6 3. d4 cxd4 4. Nxd4 Nf6 5. Nc3 a6 6. Bg5 e6 7. f4
Nbd7 8. Qf3 Qc7 9. O-O-O b5 10. Bd3 Bb7 11. Rhe1 Qb6 12. Nd5 Qxd4 (12... exd5
$2 13. Nc6 $1 Bxc6 14. exd5+ Be7 15. dxc6 Nc5 16. Bxf6 gxf6 17. Bf5 {
Chiburdanidze,M-Dvoiris,S,Tashkent,1980}) 13. Bxf6 gxf6 14. Bxb5 Qc5 15. b4 (
15. Nxf6+) 15... Qxb5 16. Nc7+ Ke7 (16... Kd8 17. Nxb5 axb5 18. Qh5 {xf7}) 17.
Nxb5 axb5 18. Qh5 $5 $146 (18. Qd3 Ra6 19. Qxb5 Rb6 $15 {Mnatsakanian,
E-Georgiev,Kr.,Erevan,1982}) 18... Rxa2 $1 (18... e5 $6 19. Kb1 $36) (18... Bc6
19. Rd3 $5 $36) (18... Bg7 19. Rxd6 $1 Kxd6 20. Qxf7 $16 {/\ Rd1}) 19. Qxb5 (
19. Kb1 $6 Ra6 20. e5 d5 $17 (20... fxe5 21. fxe5 Nxe5 $1 22. Rxe5 Bg7 $19)) {
diagram} 19... Bh6 $3 (19... Ra1+ 20. Kd2 (20. Kb2 Rxd1 21. Rxd1 Bxe4 22. Ra1
Bg7 23. Ra7 f5+ 24. Kb3 Rd8 $13) 20... Rxd1+ 21. Kxd1 Ba8 $13) (19... Ra7 $2
20. Rxd6 $1 Kxd6 21. Rd1+ Bd5 22. exd5 $16) 20. e5 $6 (20. g3 Rb8 $5 (20... Rc8
21. Qxb7 Rcxc2+ $11) 21. Rxd6 Rxc2+ 22. Kd1 (22. Kxc2 Bxe4+) 22... Rc7 $15) (
20. Kb1 $5 Rha8 21. Qxb7 Bxf4 22. c3 Be5 (22... R2a7 23. Qb5 Ne5 $11) (22...
R8a3 $5) 23. Qc6 R8a3 24. Qc4 Rxg2 25. Re2 Rxc3 $44) (20. Qxb7 Bxf4+ 21. Kb1
Raa8 $5 (21... Rha8 {-20.Kb1}) 22. Qb5 Be5 $40) 20... fxe5 $6 (20... Bxf4+ 21.
Kb1 Rha8 22. exd6+ Kd8 23. Qxb7 Ra1+ 24. Kb2 R1a7 25. Qxa8+ Rxa8 26. c4 $16) (
20... Rc8 $1 {Golubev,M} 21. exd6+ (21. Rxd6 Rcxc2+ 22. Kd1 Rc7) (21. exf6+
Kxf6 22. Re2 Be4 23. Rxe4 Rcxc2+ 24. Kb1 Rcb2+ 25. Kc1 Nc5) 21... Kd8 22. Qd3 (
22. Qxb7 Rcxc2+ 23. Kb1 Rcb2+ 24. Kc1 Bxf4+) 22... Rcxc2+ 23. Qxc2 Bxf4+ $17)
21. Qxb7 Bxf4+ 22. Kb1 Rha8 23. g3 (23. Rxd6 $5 Ra1+ 24. Kb2 R8a2+ (24... R1a2+
$11 25. Kb3 $140 $2 R8a3+ 26. Kc4 Rxc2+ 27. Kb5 Kxd6 $19) 25. Kb3 Kxd6 26. Rxa1
Rxa1 27. c4 Rc1 28. g3 $15 (28. c5+ $2 Rxc5)) 23... R2a7 24. Qc6 (24. Qxa7 Rxa7
25. gxf4 exf4 $17) (24. Qe4 d5) 24... Ra6 (24... Bd2 25. Rxd2 Ra1+ 26. Kb2
R8a2+ 27. Kb3 Ra3+ 28. Kb2 $11) 25. Qc3 $6 (25. Qb7 $5 Bh6 (25... Bg5 26. c3
Bf6) 26. c3 Bg7 (26... d5 27. Rxd5 Ra1+ (27... exd5 28. Rxe5+) 28. Kb2 R8a2+
$11) 27. Rxd6 $140 $5 Ra1+ 28. Kb2 R8a2+ 29. Kb3 Kxd6 30. Rxa1 Rxa1 31. c4 $15)
25... Bh6 $44 {/\d6-d5,Bg7,Nd7-b6-c4} (25... Bg5 $5) 26. Re4 $2 (26. Rd3 d5)
26... d5 27. Rh4 d4 $1 28. Qb2 Bg5 (28... Nb6 29. Rdxd4 $1 exd4 (29... Na4 30.
Qa3 exd4 31. b5+ Rd6 32. Rxd4) 30. Rxh6 Rd8 $44) 29. Rxh7 (29. Rg4 Be3) 29...
Nf6 (29... Nb6 30. Rf1 $132) 30. h4 $2 (30. b5 $142 $1 Ra1+ (30... Ra4 31. b6
$1 Nd5 (31... Nxh7 32. b7 Rb8 33. Qb5 $13) 32. Rd3 $1 (32. b7 $2 Rb8 33. Rd3 e4
34. Ra3 (34. Rxd4 Nc3+ 35. Qxc3 Rxb7+) 34... Rb4 35. Rb3 e3 $1 36. Rxb4 e2 $19)
32... e4 33. Rxd4 $1 Bf6 (33... Ra1+ 34. Qxa1 Rxa1+ 35. Kxa1 Bf6 36. b7 Bxd4+
37. Kb1 $18) 34. Rxa4 (34. b7 $5) 34... Rxa4 35. c3 Nxc3+ 36. Kc2 $18) 31. Qxa1
Rxa1+ 32. Kxa1 Nxh7 $17) 30... Nd5 $2 (30... Ne4 $1 31. b5 Ra4 32. Rd3 (32.
hxg5 Nc3+) 32... Bd2 $19) 31. Rd3 Bd2 $6 (31... e4 $2 32. hxg5 exd3 33. Qxd4
Ra1+ 34. Kb2 R8a2+ 35. Kb3 $11) (31... Bf6 $1 32. b5 (32. Rf3 e4) 32... Ra4 33.
b6 e4 34. b7 Rb8 35. Rb3 (35. Ra3 d3) 35... d3 36. c3 e3 $19) 32. Rxd2 Nc3+ 33.
Kc1 Ra1+ 34. Qxa1 Rxa1+ 35. Kb2 Rb1+ 36. Ka3 e4 $1 (36... Rf1 37. Kb3 $13) 37.
Rf2 (37. Rxd4 e3 $19) 37... e3 38. Rfxf7+ Kd6 39. Rd7+ Kc6 (39... Ke5 $1 40.
Rh5+ Ke4 41. Rd6 e5 42. Re6 Kf3) 40. Rc7+ (40. Rde7 Kd6 $1 (40... Kd5 $6 41.
Rh6 $1 Ke4 42. Rhxe6+ Kf3 43. Rd7) 41. Rd7+ Ke5 $19) 40... Kd5 41. Rcd7+ {
Diagram [#]} (41. Rhd7+ Ke4 42. Rc6 e5) 41... Ke4 $1 42. Rde7 Kf3 43. Rxe6 Ke2
$1 44. Rd7 Kd2 45. Rxe3 (45. Rxd4+ Kxc2 {/\ Rb3 X}) 45... Kxe3 (45... Kxc2 $6
46. Rxc3+ $17) 46. Rf7 Nd5 47. b5 (47. h5 Kd2) 47... Kd2 0-1